Richest Countries in 2023 - Statistics

General Stats
  • This quiz has been taken 30 times
    11 since last reset
  • The average score is 5 of 10
Answer Stats
Rank Country % Correct
8 USA
100%
1 Luxembourg
78%
6 Switzerland
67%
9 Norway
56%
5 UAE
56%
4 Qatar
44%
7 San Marino
44%
2 Ireland
33%
3 Singapore
33%
10 Guyana
0%
No matching quizzes found
Score Distribution
Percent of People with Each Score
Percentile by Number Answered
Your Score History
You have not taken this quiz since the last reset